[Event "?"]
[Site "?"]
[Date "????.??.??"]
[Round "?"]
[White "Strzelecki, J."]
[Black "Aleksandrova, A."]
[Result "1/2-1/2"]
[WhiteElo "2063"]
[BlackElo "1931"]
[PlyCount "163"]
[EventDate "2015.??.??"]

1. c4 d6 2. d4 Nd7 3. Nf3 Ngf6 4. Nc3 c6 5. e4 Qc7 6. Be2 e5 7. O-O Be7 8. Bg5
h6 9. Bh4 g5 10. Bg3 h5 11. h4 gxh4 12. Nxh4 Nf8 13. c5 exd4 14. Qxd4 Ne6 15.
Qe3 Nd7 16. cxd6 Bxd6 17. Bxd6 Qxd6 18. Nf5 Qf4 19. Ng7+ Ke7 20. Nf5+ Kf8 21.
Rad1 Qxe3 22. Nxe3 Nf4 23. f3 Ne5 24. Kf2 Be6 25. Rh1 h4 26. a3 Ke7 27. Rd2
Rag8 28. Rh2 h3 29. g4 Rd8 30. Rxd8 Rxd8 31. Kg3 Neg6 32. Bf1 a5 33. a4 Kf6 34.
Bxh3 Nxh3 35. Kxh3 Rd3 36. Ned1 Bb3 37. Rh1 Bxa4 38. Kg3 Bxd1 39. Nxd1 Ne5 40.
Rf1 Ke6 41. g5 Nxf3 42. Rxf3 Rxd1 43. Rf6+ Ke7 44. Rf5 Rd2 45. Rxa5 Rxb2 46.
Kf4 Ke6 47. Re5+ Kd6 48. Re8 Rf2+ 49. Ke3 Rf1 50. Kd4 Rd1+ 51. Kc4 b5+ 52. Kb4
Rg1 53. Rf8 Rxg5 54. Rxf7 Re5 55. Rf4 Re6 56. Rh4 Rg6 57. Rh5 Re6 58. Rh4 Kc7
59. Kc5 Re5+ 60. Kd4 Kd6 61. Rh6+ Re6 62. e5+ Kd7 63. Rh5 Kc7 64. Kc5 Kb7 65.
Rg5 Ka6 66. Rf5 Ka5 67. Rh5 b4 68. Rf5 Ka4 69. Kc4 Ka3 70. Rf8 c5 71. Ra8+ Kb2
72. Kxc5 b3 73. Kd5 Rb6 74. e6 Rb7 75. Kd6 Kc2 76. e7 b2 77. e8=Q b1=Q 78. Qe4+
Kd2 79. Qg2+ Kd1 80. Qf1+ Kd2 81. Ra2+ Kc3 82. Qf3+ 1/2-1/2

[Event "?"]
[Site "?"]
[Date "????.??.??"]
[Round "?"]
[White "Mackowiak, M."]
[Black "Wirth, A."]
[Result "1-0"]
[WhiteElo "2140"]
[BlackElo "1964"]
[PlyCount "189"]
[EventDate "2015.??.??"]

1. c4 e5 2. Nc3 Nf6 3. g3 Bb4 4. Bg2 Nc6 5. e3 O-O 6. Nge2 d6 7. O-O Re8 8. a3
Bxc3 9. Nxc3 Bg4 10. Qc2 Rb8 11. b4 Qd7 12. Re1 Ne7 13. Bb2 c6 14. Ne2 Ng6 15.
Rac1 Rbc8 16. Qa4 a6 17. d3 h5 18. Qc2 h4 19. f3 Bh3 20. Nc3 d5 21. Na4 Bxg2
22. Qxg2 Qe7 23. e4 d4 24. Nb6 Rcd8 25. c5 Rf8 26. Rc2 Ne8 27. Nc4 Qe6 28. Bc1
Rd7 29. g4 f6 30. Qf2 Kf7 31. h3 Kg8 32. Bd2 Nh8 33. Rb1 g5 34. Qf1 Nf7 35. Qc1
Nc7 36. a4 Rdd8 37. Qb2 Rb8 38. Nb6 Rfd8 39. Rc4 Kf8 40. Qb3 Ke7 41. Qa3 Ke8
42. Rcc1 Nh8 43. Nc4 Nf7 44. Qb2 Kf8 45. Na3 Rdc8 46. Rc2 Nd8 47. Be1 Nf7 48.
Nc4 Rd8 49. Rcc1 Kg8 50. b5 axb5 51. Ba5 Rd7 52. Bxc7 Rxc7 53. axb5 cxb5 54.
Qxb5 Qc6 55. Nb6 Qxb5 56. Rxb5 Kf8 57. Nd5 Rc6 58. Nb4 Rcc8 59. Rb6 Kg7 60. Nd5
Rc6 61. Rb5 Nd8 62. Rcb1 Kf7 63. Kf1 Rbc8 64. Rc1 Rb8 65. Ke1 Ne6 66. Kd2 Nc7
67. Nxc7 Rxc7 68. Rc4 Ke7 69. Kc2 Kd7 70. Kb3 Rc6 71. Rcb4 Kc7 72. Kc4 Ra6 73.
Rb6 Rxb6 74. Rxb6 Rf8 75. Kd5 Rf7 76. Ke6 Rh7 77. Kf5 Rf7 78. Kg6 Rf8 79. Re6
b5 80. Ra6 b4 81. Kg7 Rb8 82. Kxf6 b3 83. Ra1 b2 84. Rb1 Kc6 85. Kxg5 Rf8 86.
Rxb2 Rxf3 87. Rd2 Rxh3 88. Kf5 Kxc5 89. Kxe5 Rg3 90. Rc2+ Kb6 91. Kxd4 h3 92.
Rh2 Kc6 93. Kc4 Kd6 94. d4 Rxg4 95. e5+ 1-0

[Event "?"]
[Site "?"]
[Date "????.??.??"]
[Round "?"]
[White "Meshkov, Y."]
[Black "Wassin, S."]
[Result "1-0"]
[WhiteElo "2351"]
[BlackElo "2290"]
[PlyCount "79"]
[EventDate "2015.??.??"]

1. Nf3 c5 2. b3 Nc6 3. Bb2 d6 4. d4 cxd4 5. Nxd4 Bd7 6. c4 Nf6 7. g3 g6 8. Bg2
Bg7 9. O-O O-O 10. Nc2 Qc8 11. Re1 Bh3 12. Bh1 Ng4 13. Bxg7 Kxg7 14. f3 Nf6 15.
Nc3 Rd8 16. e4 Ne5 17. Qd4 Be6 18. Nd5 Bxd5 19. exd5 Re8 20. f4 Ned7 21. b4 Kg8
22. Ne3 a5 23. a3 Qc7 24. Rec1 Rac8 25. Rc2 b6 26. Bf3 h5 27. h3 axb4 28. axb4
Ra8 29. g4 hxg4 30. hxg4 Rxa1+ 31. Qxa1 Qb7 32. g5 Nh7 33. Kg2 Ra8 34. Qc3 f6
35. gxf6 Nhxf6 36. Re2 Kf7 37. Nc2 Ra2 38. Qe3 Nf8 39. Qe6+ Nxe6 40. dxe6+ 1-0

[Event "?"]
[Site "?"]
[Date "????.??.??"]
[Round "?"]
[White "Krause, S."]
[Black "Tsapalin, S."]
[Result "1/2-1/2"]
[WhiteElo "1926"]
[BlackElo "2060"]
[PlyCount "138"]
[EventDate "2015.??.??"]

1. d4 Nf6 2. c4 c5 3. d5 b5 4. cxb5 a6 5. b6 Qxb6 6. Nc3 g6 7. e4 d6 8. Nf3 Bg7
9. Be2 O-O 10. O-O Bg4 11. a4 Bxf3 12. Bxf3 Nbd7 13. a5 Qb7 14. Qc2 Rfb8 15.
Ra3 Ne8 16. Qa4 Qc7 17. Be2 Rb4 18. Qc2 Qa7 19. Bd2 Rb7 20. Rb1 Rab8 21. Na4
Nc7 22. Be3 Nb5 23. Raa1 Nd4 24. Bxd4 Bxd4 25. Qc4 Ra8 26. Ra3 Rb4 27. Qa2 Rab8
28. Nb6 Nxb6 29. axb6 Qxb6 30. Rxa6 Qd8 31. b3 Qf8 32. Bc4 f5 33. Qe2 fxe4 34.
Ra2 Qf5 35. Re1 Rf8 36. Rf1 Rbb8 37. Qe1 Rf7 38. Re2 Rbf8 39. Qb1 e3 40. Qxf5
Rxf5 41. f3 Ra8 42. Rb1 Kg7 43. Kf1 Ra3 44. Ke1 Bc3+ 45. Kd1 Bd2 46. Kc2 Rf8
47. Kd3 Rfa8 48. Ke4 Kf6 49. g4 g5 50. f4 gxf4 51. Kxf4 Ra1 52. g5+ Kg7 53.
Rxa1 Rxa1 54. Kf5 Kf7 55. Rg2 Rh1 56. Kg4 Be1 57. Kh5 Bf2 58. Kh6 Kg8 59. Bd3
Kh8 60. g6 hxg6 61. Kxg6 Rd1 62. Kf7 Rg1 63. Rxg1 Bxg1 64. h3 Bh2 65. Kxe7 Kg7
66. Ke6 Kh6 67. Kf5 Kh5 68. Ke4 Bg1 69. Kf3 Kg5 1/2-1/2

[Event "?"]
[Site "?"]
[Date "????.??.??"]
[Round "?"]
[White "Dukaczewski, P."]
[Black "Mikheev, S."]
[Result "0-1"]
[WhiteElo "2261"]
[BlackElo "2296"]
[PlyCount "72"]
[EventDate "2015.??.??"]

1. Nf3 Nf6 2. c4 c5 3. Nc3 e6 4. e4 Nc6 5. Be2 b6 6. O-O Bb7 7. d4 cxd4 8. Nxd4
d6 9. f4 Nxd4 10. Qxd4 d5 11. Qe5 Bd6 12. Qg5 dxe4 13. Be3 O-O 14. Rad1 h6 15.
Qg3 Qe7 16. a3 Bc5 17. b4 Bxe3+ 18. Qxe3 Rfd8 19. Rc1 Rac8 20. h3 Rd7 21. Rc2
Rcd8 22. Nb5 Bc6 23. Nc3 Qd6 24. Rd1 Qb8 25. Ra1 Rd4 26. a4 e5 27. f5 Qd6 28.
c5 bxc5 29. Nb5 Qd7 30. Rxc5 Nd5 31. Qg3 Nf4 32. Bg4 Bxb5 33. Rxe5 Ne2+ 34.
Bxe2 Bxe2 35. b5 Rd3 36. Qh4 Qd4+ 0-1

[Event "?"]
[Site "?"]
[Date "????.??.??"]
[Round "?"]
[White "Gerasimova, O."]
[Black "Flock, D."]
[Result "1-0"]
[WhiteElo "2058"]
[BlackElo "1867"]
[PlyCount "61"]
[EventDate "2015.??.??"]

1. e4 e5 2. Nf3 Nc6 3. Bb5 Nf6 4. d3 Bc5 5. O-O Nd4 6. Nxd4 Bxd4 7. c3 Bb6 8.
Re1 O-O 9. h3 h6 10. a4 a6 11. Bc4 d6 12. Bb3 Qe7 13. Nd2 Nd7 14. Nc4 Ba7 15.
Ne3 Bxe3 16. Bxe3 Nc5 17. Bc2 Ne6 18. b4 Bd7 19. d4 Nf4 20. Qf3 Ng6 21. a5 Be6
22. d5 Bd7 23. c4 Kh7 24. c5 Bb5 25. g3 Qd7 26. Kh2 Ne7 27. Qh5 Ng8 28. f4 f6
29. Rg1 Qf7 30. f5 g5 31. fxg6+ 1-0

[Event "?"]
[Site "?"]
[Date "????.??.??"]
[Round "?"]
[White "Krajinski, L."]
[Black "Kohnen, K."]
[Result "1-0"]
[WhiteElo "1683"]
[BlackElo "1510"]
[PlyCount "67"]
[EventDate "2015.??.??"]

1. c4 e6 2. Nc3 Nf6 3. Nf3 Be7 4. d4 d5 5. e3 c6 6. Qc2 Nbd7 7. b3 dxc4 8. Bxc4
Nb6 9. Bd3 Nbd5 10. O-O Bd6 11. a3 Qe7 12. Ne2 e5 13. dxe5 Bxe5 14. Nxe5 Qxe5
15. Bb2 Qg5 16. Rfe1 O-O 17. Ng3 h5 18. Rad1 h4 19. Nf5 g6 20. f4 Qh5 21. Nd6
Bg4 22. Rd2 Rab8 23. Bd4 Nd7 24. Rf2 N5b6 25. e4 Kh7 26. h3 Be6 27. f5 gxf5 28.
Nxf5 f6 29. e5 fxe5 30. Ng3+ Kh6 31. Nxh5 exd4 32. Rxe6+ Kxh5 33. Qe2+ Kg5 34.
Qg4# 1-0

[Event "?"]
[Site "?"]
[Date "????.??.??"]
[Round "?"]
[White "Krabbe, W."]
[Black "Messalla, J."]
[Result "0-1"]
[WhiteElo "1869"]
[BlackElo "2057"]
[PlyCount "52"]
[EventDate "2015.??.??"]

1. d4 c5 2. d5 e5 3. dxe6 fxe6 4. e4 d6 5. c4 Nf6 6. Nc3 Be7 7. f4 Nc6 8. Nf3
O-O 9. Be2 a6 10. O-O Qe8 11. Qe1 Rb8 12. a4 Nd4 13. Bd3 Bd7 14. Be3 e5 15. f5
Qh5 16. Qg3 Bc6 17. Nd5 Bxd5 18. cxd5 c4 19. Bxd4 cxd3 20. Nxe5 dxe5 21. Bxe5
Bc5+ 22. Kh1 Rbe8 23. Bxf6 Rxf6 24. Qxd3 Bd6 25. h3 Qh4 26. Rae1 Rxf5 0-1

[Event "?"]
[Site "?"]
[Date "????.??.??"]
[Round "?"]
[White "Kaydanovich, M."]
[Black "Tillmann, M."]
[Result "0-1"]
[WhiteElo "1831"]
[BlackElo "2039"]
[PlyCount "72"]
[EventDate "2015.??.??"]

1. d4 Nf6 2. c4 e6 3. Nc3 c5 4. d5 exd5 5. cxd5 d6 6. e4 g6 7. f4 Bg7 8. Nf3
O-O 9. Bd3 Na6 10. O-O Nc7 11. a4 b6 12. Re1 Rb8 13. Bc4 Bg4 14. h3 Bxf3 15.
Qxf3 a6 16. e5 Nfe8 17. Qd3 b5 18. axb5 axb5 19. Nxb5 Nxb5 20. Bxb5 Qb6 21. Bc4
Nc7 22. b3 Rfe8 23. Bb2 Rbd8 24. Qf3 Re7 25. Re2 Rde8 26. Rae1 h5 27. g3 Ra8
28. f5 Bh8 29. f6 Ree8 30. e6 Rf8 31. Qf4 Ra2 32. exf7+ Rxf7 33. Re8+ Nxe8 34.
Rxe8+ Kh7 35. Bc1 Bg7 36. Qh6+ Bxh6 0-1

[Event "?"]
[Site "?"]
[Date "????.??.??"]
[Round "?"]
[White "Karpova, M."]
[Black "Nerlikar, S."]
[Result "1/2-1/2"]
[WhiteElo "1781"]
[BlackElo "1479"]
[PlyCount "54"]
[EventDate "2015.??.??"]

1. d4 d5 2. c4 c6 3. Nc3 Nf6 4. Bg5 e6 5. e3 Be7 6. Nf3 Nbd7 7. Bd3 dxc4 8.
Bxc4 b5 9. Bd3 a6 10. O-O c5 11. dxc5 Nxc5 12. Be2 O-O 13. Qc2 Qb6 14. Rfd1 Bb7
15. Rd4 Rac8 16. a3 h6 17. Bh4 Rfe8 18. Rad1 Na4 19. Qd2 Nxc3 20. bxc3 Bc5 21.
Bxf6 gxf6 22. Rg4+ Kf8 23. Nd4 Red8 24. Qb2 Qa5 25. Ra1 Bxd4 26. cxd4 Qc3 27.
Qxc3 Rxc3 1/2-1/2

[Event "?"]
[Site "?"]
[Date "????.??.??"]
[Round "?"]
[White "Strekalovski, V."]
[Black "Scerbin, D."]
[Result "0-1"]
[WhiteElo "1939"]
[BlackElo "2368"]
[PlyCount "51"]
[EventDate "2015.??.??"]

1. e4 c5 2. b4 cxb4 3. a3 d5 4. axb4 dxe4 5. Na3 Nf6 6. Bb2 Nc6 7. b5 Nd4 8.
Bxd4 Qxd4 9. Ne2 Qc5 10. Nc3 b6 11. Be2 Qg5 12. g3 Bb7 13. O-O e6 14. Nc4 Bc5
15. Na4 Be7 16. Nc3 O-O 17. Ra4 Bc5 18. Ne3 Rfd8 19. Qa1 h5 20. Rxa7 h4 21.
Rxb7 Rxa1 22. Rxa1 Rxd2 23. Ra8+ Kh7 24. Rbb8 Bxe3 25. Rh8+ Kg6 26. Rxh4 0-1

[Event "?"]
[Site "?"]
[Date "????.??.??"]
[Round "?"]
[White "Lebedev, S."]
[Black "Malyuga, V."]
[Result "0-1"]
[WhiteElo "1854"]
[BlackElo "2150"]
[PlyCount "104"]
[EventDate "2015.??.??"]

1. d4 Nf6 2. Bf4 d6 3. e3 g6 4. Nf3 Bg7 5. Be2 O-O 6. h3 c6 7. O-O Bf5 8. Nbd2
Nbd7 9. c3 Qc7 10. a4 a5 11. Bc4 e5 12. dxe5 dxe5 13. Bh2 Rad8 14. g4 Be4 15.
Nxe4 Nxe4 16. Qc2 Nd6 17. Be2 Rfe8 18. Rfd1 Nf8 19. Rd2 e4 20. Ne1 Be5 21. Bxe5
Rxe5 22. Rad1 Ne6 23. Bf1 h5 24. Be2 hxg4 25. hxg4 Kg7 26. Ng2 f6 27. Nf4 Nxf4
28. exf4 Ree8 29. Kg2 Nf7 30. Rxd8 Nxd8 31. Rd4 Ne6 32. Rxe4 Nxf4+ 33. Kf3 Rxe4
34. Qxe4 g5 35. Bc4 Ng6 36. Kg2 Qe5 37. Qxe5 Nxe5 38. Be6 Kf8 39. Bc8 b6 40.
Kg3 Ke7 41. Bf5 Kd6 42. b3 Kc5 43. f4 Nf7 44. Be6 Nd6 45. Bf5 Nxf5+ 46. gxf5
gxf4+ 47. Kxf4 b5 48. Kg4 bxa4 49. bxa4 Kd5 50. Kh5 Ke4 51. Kg6 Ke5 52. c4 c5
0-1

[Event "?"]
[Site "?"]
[Date "????.??.??"]
[Round "?"]
[White "Chomu Clement, M."]
[Black "Mekus, M."]
[Result "1/2-1/2"]
[WhiteElo "2120"]
[BlackElo "1628"]
[PlyCount "94"]
[EventDate "2015.??.??"]

1. d4 Nf6 2. c4 g6 3. g3 Bg7 4. Bg2 O-O 5. Nc3 d6 6. e4 e5 7. d5 c6 8. h3 Nbd7
9. Be3 Qc7 10. Qd2 cxd5 11. cxd5 a6 12. Rc1 Qd8 13. Nge2 b5 14. b4 Nb6 15. Bxb6
Qxb6 16. O-O Bb7 17. Qd3 Rac8 18. Kh1 Rc4 19. Rb1 Rfc8 20. a3 Nh5 21. Nd1 Bh6
22. Bf3 Nf6 23. g4 Bg5 24. Bg2 Rc2 25. f4 exf4 26. Nxf4 Nd7 27. Qg3 Ne5 28. h4
Bh6 29. g5 Bg7 30. h5 Rc1 31. Rb3 Qd8 32. hxg6 Nxg6 33. Nh5 Be5 34. Qg4 R8c7
35. Rh3 Bc8 36. Rf5 Bxf5 37. exf5 R7c4 38. Qe2 Nf4 39. Nxf4 Rxf4 40. Qh5 Rxd1+
41. Qxd1 Qxg5 42. Qd3 Rxf5 43. Bf3 Qc1+ 44. Bd1 Qf4 45. Bc2 Qf1+ 46. Qxf1 Rxf1+
47. Kg2 Ra1 1/2-1/2

[Event "?"]
[Site "?"]
[Date "????.??.??"]
[Round "?"]
[White "Gruender, M."]
[Black "Mikhalionak, A."]
[Result "1-0"]
[WhiteElo "1999"]
[BlackElo "1617"]
[PlyCount "53"]
[EventDate "2015.??.??"]

1. Nf3 Nf6 2. c4 e6 3. g3 d5 4. Bg2 Be7 5. O-O O-O 6. d4 c6 7. Qc2 Nbd7 8. Nbd2
Re8 9. e4 dxe4 10. Nxe4 Nxe4 11. Qxe4 Nf6 12. Qc2 h6 13. Rd1 Bd7 14. Bf4 Rc8
15. Ne5 Nh5 16. Be3 Nf6 17. g4 Bd6 18. Qe2 Bxe5 19. dxe5 Nh7 20. Bxa7 Qe7 21.
Be3 Rcd8 22. a3 g5 23. b4 f6 24. Bb6 Rb8 25. Qd3 Bc8 26. Qg6+ Kh8 27. Bc5 1-0

[Event "?"]
[Site "?"]
[Date "????.??.??"]
[Round "?"]
[White "Checiak, K."]
[Black "Scheffner, J."]
[Result "1-0"]
[WhiteElo "2102"]
[BlackElo "1675"]
[PlyCount "47"]
[EventDate "2015.??.??"]

1. d4 Nf6 2. c4 g6 3. Nc3 Bg7 4. e4 d6 5. f3 c6 6. Be3 Nbd7 7. Bd3 e5 8. d5 Nc5
9. Bc2 O-O 10. Nge2 Qe7 11. Qd2 a5 12. dxc6 bxc6 13. Rd1 Ne8 14. O-O f5 15. a3
Rb8 16. Bxc5 dxc5 17. b3 f4 18. Qd8 Qa7 19. Qh4 Bf6 20. Qf2 Nc7 21. Rd6 Bg7 22.
Na4 Ne8 23. Rd2 Rf7 24. Rfd1 1-0

[Event "?"]
[Site "?"]
[Date "????.??.??"]
[Round "?"]
[White "Ulpins, H."]
[Black "Koenig, J."]
[Result "0-1"]
[WhiteElo "1125"]
[BlackElo "1640"]
[PlyCount "78"]
[EventDate "2015.??.??"]

1. e4 e5 2. Nf3 Nc6 3. Bc4 Nf6 4. d4 exd4 5. O-O Be7 6. Re1 d6 7. Nxd4 Ne5 8.
Bb3 O-O 9. Nc3 a6 10. Bf4 Ng6 11. Bg3 Bg4 12. f3 Bd7 13. Qd2 Nh5 14. Nce2 Bg5
15. f4 Nxg3 16. hxg3 Bf6 17. c3 h5 18. f5 Ne5 19. Nf4 Bg5 20. Qf2 Bxf4 21. gxf4
Nd3 22. Qf3 Nxe1 23. Rxe1 Qh4 24. g3 Qg4 25. Qg2 h4 26. gxh4 Qxf4 27. Nf3 Bc6
28. Bc2 Rfe8 29. Kf2 Bxe4 30. Bxe4 Rxe4 31. Rg1 Qh6 32. Qg3 Rae8 33. Nd4 Qd2+
34. Kf3 Re3+ 35. Kg4 Rxg3+ 36. Rxg3 Re4+ 37. Kh3 Re3 38. h5 Rxg3+ 39. Kxg3 Qg5+
0-1

[Event "?"]
[Site "?"]
[Date "????.??.??"]
[Round "?"]
[White "Saraf, S."]
[Black "Hoffmann, R."]
[Result "0-1"]
[WhiteElo "1579"]
[BlackElo "2048"]
[PlyCount "144"]
[EventDate "2015.??.??"]

1. e4 g6 2. Bc4 Bg7 3. Nf3 d6 4. h3 Nf6 5. d3 c6 6. a4 O-O 7. c3 a5 8. Be3 e5
9. O-O d5 10. exd5 cxd5 11. Bb5 Nfd7 12. Qb3 e4 13. dxe4 dxe4 14. Nfd2 Qe7 15.
Qd5 Nf6 16. Qc5 Qe6 17. Qc4 Nc6 18. Qxe6 Bxe6 19. Na3 Rfe8 20. Rfe1 Bd5 21. Bc4
Rad8 22. Bb6 Rd7 23. Rad1 Bf8 24. Nb5 Bh6 25. Bxd5 Nxd5 26. Nc4 Nxb6 27. Nxb6
Rxd1 28. Rxd1 e3 29. Re1 Ne5 30. fxe3 Nd3 31. Re2 Bxe3+ 32. Kf1 Re6 33. Nd5 Bc1
34. b3 Nc5 35. Rxe6 fxe6 36. Nf6+ Kf7 37. Ng4 Bf4 38. Nd4 e5 39. b4 exd4 40.
bxc5 dxc3 41. Nf2 c2 42. Nd3 c1=Q+ 43. Nxc1 Bxc1 44. Ke2 Ba3 45. Kd3 Bxc5 46.
Kc4 Bf2 47. Kb5 Be1 48. Kb6 Kf6 49. Kxb7 Kg5 50. Kc6 Kh4 51. Kd5 Kg3 52. Ke4 h5
53. Ke3 Kxg2 54. Ke2 Bb4 55. h4 Kg3 56. Ke3 Kxh4 57. Kf3 Kh3 58. Kf2 g5 59. Kf3
g4+ 60. Kf2 Kh2 61. Kf1 g3 62. Ke2 g2 63. Kd3 g1=Q 64. Kc4 Qg5 65. Kd3 Qd5+ 66.
Ke2 Qd4 67. Kf1 Kg3 68. Ke2 Qc4+ 69. Ke3 Bc5+ 70. Kd2 Qb3 71. Ke1 Qc2 72. Kf1
Qd1# 0-1

[Event "?"]
[Site "?"]
[Date "????.??.??"]
[Round "?"]
[White "Myronenko, N."]
[Black "Eremin, A."]
[Result "0-1"]
[WhiteElo "1901"]
[BlackElo "2201"]
[PlyCount "78"]
[EventDate "2015.??.??"]

1. e4 c5 2. Nf3 Nc6 3. d4 cxd4 4. Nxd4 Nf6 5. Nc3 d6 6. Be2 e5 7. Nb3 Be6 8.
O-O Be7 9. f4 exf4 10. Bxf4 a6 11. a4 O-O 12. Kh1 Ne5 13. Nd4 Qd7 14. Nxe6 Qxe6
15. Qd4 Rac8 16. Rac1 Rc5 17. b4 Nc6 18. Qe3 Nxb4 19. Qg3 Rfc8 20. Nd5 Nbxd5
21. exd5 Qxe2 22. Rce1 Qc4 23. Bxd6 Bxd6 24. Qxd6 Qxd5 25. Qg3 Qg5 26. Qf3 b5
27. axb5 axb5 28. Ra1 Rxc2 29. Ra8 h6 30. Rxc8+ Rxc8 31. h3 Rc1 32. Rxc1 Qxc1+
33. Kh2 Qc4 34. Qf5 b4 35. Qe5 b3 36. Qb8+ Kh7 37. Qb7 Qf4+ 38. Kh1 Qc1+ 39.
Kh2 b2 0-1

[Event "?"]
[Site "?"]
[Date "????.??.??"]
[Round "?"]
[White "Suder, R."]
[Black "Gerasimova, O."]
[Result "1/2-1/2"]
[WhiteElo "2128"]
[BlackElo "2058"]
[PlyCount "62"]
[EventDate "2015.??.??"]

1. Nf3 c5 2. g3 g6 3. Bg2 Bg7 4. O-O Nc6 5. c4 Nf6 6. Nc3 O-O 7. d4 cxd4 8.
Nxd4 Qb6 9. Nc2 d6 10. Ne3 Bd7 11. Rb1 Rac8 12. b3 Rfe8 13. Bb2 Qa5 14. a3 Qh5
15. Ncd5 Nxd5 16. Nxd5 b6 17. Bxg7 Kxg7 18. Qd2 Qe5 19. Qb2 Qxb2 20. Rxb2 Nd8
21. a4 Bc6 22. Nb4 Bxg2 23. Kxg2 Nc6 24. Nxc6 Rxc6 25. Rd1 Rec8 26. Rd5 Rc5 27.
Rbd2 Kf6 28. Kf3 Ke6 29. Ke3 Kf6 30. R2d4 a5 31. Kd2 R8c7 1/2-1/2

[Event "?"]
[Site "?"]
[Date "????.??.??"]
[Round "?"]
[White "Mate, B."]
[Black "Miozga, T."]
[Result "1/2-1/2"]
[WhiteElo "2121"]
[BlackElo "1995"]
[PlyCount "77"]
[EventDate "2015.??.??"]

1. e4 c6 2. d4 d5 3. Nc3 dxe4 4. Nxe4 Nf6 5. Nxf6+ exf6 6. Bc4 Bd6 7. Ne2 O-O
8. O-O Bg4 9. h3 Bh5 10. Qd2 Bg6 11. Bd3 Bxd3 12. Qxd3 Na6 13. c3 Re8 14. Bd2
Qd7 15. Rfe1 Nc7 16. Nf4 Rxe1+ 17. Rxe1 Re8 18. Rxe8+ Qxe8 19. Nh5 Nd5 20. c4
Ne7 21. Qe3 Qf8 22. Qf3 Qc8 23. Bf4 Bxf4 24. Nxf4 Qd7 25. Qe4 g6 26. a3 Kf8 27.
b4 Qf5 28. Qxf5 Nxf5 29. d5 g5 30. dxc6 bxc6 31. Nd3 Nd6 32. c5 Nb5 33. a4 Nc3
34. a5 Ke7 35. Kf1 Ke6 36. Ke1 Kd5 37. Nb2 Na2 38. Nd1 Kc4 39. Ne3+ 1/2-1/2

[Event "?"]
[Site "?"]
[Date "????.??.??"]
[Round "?"]
[White "Kononov, V."]
[Black "Zimmer, R."]
[Result "1/2-1/2"]
[WhiteElo "2096"]
[BlackElo "1985"]
[PlyCount "108"]
[EventDate "2015.??.??"]

1. d4 d5 2. Bf4 Nf6 3. e3 e6 4. h3 c5 5. Nf3 Nc6 6. Nbd2 Bd6 7. dxc5 Bxc5 8.
Ne5 O-O 9. c3 Bd6 10. Nxc6 bxc6 11. Be2 e5 12. Bg3 Bf5 13. O-O Re8 14. Qa4 Qb6
15. Nb3 Rab8 16. c4 Bc2 17. cxd5 cxd5 18. Rfc1 Bxb3 19. axb3 Qxb3 20. Qxa7 Qxb2
21. Bd3 Qb6 22. Qa4 Qb3 23. Qxb3 Rxb3 24. Rd1 Ba3 25. Bc2 Rc3 26. Ba4 Re7 27.
Bh4 Ra7 28. Bxf6 gxf6 29. Bb5 Rc5 30. Be2 Rca5 31. Bf3 e4 32. Bg4 Kg7 33. Rab1
Kg6 34. h4 R7a6 35. Rd4 f5 36. Be2 Rd6 37. Rb8 Bc5 38. Rg8+ Kf6 39. Rd1 Ra2 40.
Kf1 f4 41. Rg5 fxe3 42. fxe3 Bxe3 43. Rgxd5 Rxd5 44. Rxd5 Ra1+ 45. Rd1 Ra2 46.
Rd5 h6 47. g4 Rc2 48. Rf5+ Kg6 49. Bb5 Rc5 50. Bd7 h5 51. gxh5+ Kg7 52. Ke2
Rxf5 53. Bxf5 Bf4 54. Bxe4 Bg3 1/2-1/2

[Event "?"]
[Site "?"]
[Date "????.??.??"]
[Round "?"]
[White "Scerbin, D."]
[Black "Tsapalin, S."]
[Result "1-0"]
[WhiteElo "2368"]
[BlackElo "2060"]
[PlyCount "87"]
[EventDate "2015.??.??"]

1. e4 e5 2. Nf3 Nc6 3. c3 Nf6 4. d4 Nxe4 5. d5 Ne7 6. Nxe5 Nf6 7. c4 Ng6 8. Nd3
d6 9. Be2 Be7 10. Nc3 Bf5 11. g4 Bxd3 12. Bxd3 Ne5 13. Be2 h6 14. f4 Ned7 15.
Be3 Nc5 16. Qc2 a5 17. O-O-O Nfd7 18. Nb5 Bf6 19. Bf3 g5 20. Kb1 gxf4 21. Bxf4
Ne5 22. Rhe1 Kf8 23. Be4 Nxe4 24. Qxe4 Ng6 25. Rf1 Kg7 26. Nd4 Bxd4 27. Qxd4+
f6 28. Bd2 Re8 29. Bc3 Ne5 30. Rf5 Qe7 31. Rdf1 Rf8 32. Qf2 Rae8 33. Bd2 Nf7
34. Rxf6 Ng5 35. Rxf8 Rxf8 36. Qxf8+ Qxf8 37. Rxf8 Kxf8 38. Bxg5 hxg5 39. Kc2
Kf7 40. Kd3 Kf6 41. Ke4 c6 42. Kd4 a4 43. c5 cxd5 44. cxd6 1-0

[Event "?"]
[Site "?"]
[Date "????.??.??"]
[Round "?"]
[White "Stachanczyk, J."]
[Black "Kovalenko, V."]
[Result "1-0"]
[WhiteElo "2240"]
[BlackElo "2068"]
[PlyCount "107"]
[EventDate "2015.??.??"]

1. e4 c5 2. Nf3 Nc6 3. d4 cxd4 4. Nxd4 g6 5. Nc3 Bg7 6. Be3 Nf6 7. Bc4 O-O 8.
Bb3 d6 9. f3 Na5 10. Qd2 a6 11. O-O-O Nxb3+ 12. Nxb3 a5 13. a4 Be6 14. Nd4 Bc4
15. b3 Ba6 16. Ndb5 Rc8 17. Bd4 Nd7 18. Bxg7 Kxg7 19. h4 h5 20. Nd4 Rc5 21. g4
Nf6 22. g5 Nd7 23. f4 Qc8 24. Kb2 Kh7 25. f5 Ne5 26. Nd5 Qd7 27. Qf4 Rg8 28.
Nf3 Ng4 29. fxg6+ fxg6 30. Rd2 Qe8 31. Nd4 Rf8 32. Qg3 Qf7 33. Re1 e5 34. Ne2
Qf2 35. Nf6+ Kg7 36. Qxf2 Nxf2 37. Ng3 Ng4 38. Nd7 Rf3 39. Nxc5 dxc5 40. Ne2
Re3 41. c4 Rxe4 42. Rf1 Ne3 43. Rf6 Nf5 44. Rd7+ Kg8 45. Rxg6+ Kf8 46. Nc3 Rxh4
47. Nd5 Rh2+ 48. Ka3 Rh3 49. Rd8+ Kf7 50. Rf6+ Kg7 51. Rd7+ Kg8 52. Rxf5 Bxc4
53. Nf6+ Kf8 54. Rxb7 1-0

[Event "?"]
[Site "?"]
[Date "????.??.??"]
[Round "?"]
[White "Chojnowski, M."]
[Black "Kasimov, R."]
[Result "1-0"]
[WhiteElo "2015"]
[BlackElo "2159"]
[PlyCount "93"]
[EventDate "2015.??.??"]

1. e4 d5 2. exd5 Qxd5 3. Nc3 Qa5 4. d4 Nf6 5. Nf3 Bf5 6. Bc4 e6 7. Bd2 c6 8.
Nd5 Qd8 9. Nxf6+ gxf6 10. Bf4 Bd6 11. Bxd6 Qxd6 12. c3 Nd7 13. Bd3 Bg4 14. h3
Bh5 15. Qe2 O-O-O 16. g4 Bg6 17. O-O-O Bxd3 18. Rxd3 Qd5 19. b3 h5 20. c4 Qd6
21. g5 Qf4+ 22. Qe3 Qf5 23. Rdd1 h4 24. Rdg1 c5 25. Rg4 cxd4 26. Nxd4 Qa5 27.
Kb1 f5 28. Rgg1 Nc5 29. f3 Rxd4 30. Qxd4 Rd8 31. Qa1 Qd2 32. Qb2 Qd3+ 33. Qc2
Qxf3 34. Rd1 Rxd1+ 35. Rxd1 Ne4 36. Kb2 Qxh3 37. Ka3 Qg3 38. c5 Qe5 39. Rd3 a5
40. b4 axb4+ 41. Kxb4 Nxg5 42. Qd2 Qf6 43. c6 Qe7+ 44. Ka4 bxc6 45. Qa5 Qc7 46.
Qa8+ Qb8 47. Qxc6+ 1-0

[Event "?"]
[Site "?"]
[Date "????.??.??"]
[Round "?"]
[White "Raibl, Z."]
[Black "Gerasimov, A."]
[Result "0-1"]
[WhiteElo "1987"]
[BlackElo "2189"]
[PlyCount "80"]
[EventDate "2015.??.??"]

1. d4 Nf6 2. c4 e6 3. Nf3 d5 4. Nc3 Nbd7 5. Bg5 Bb4 6. cxd5 exd5 7. Qb3 c5 8.
dxc5 Qa5 9. a3 Bxc3+ 10. Qxc3 Qxc3+ 11. bxc3 Ne4 12. Be3 Ndxc5 13. Bd4 O-O 14.
Ne5 Be6 15. f3 Nb3 16. Rb1 Nec5 17. e3 Rfc8 18. g4 b6 19. Bb5 f6 20. Nc6 Kf7
21. Bxc5 Nxc5 22. Nd4 a6 23. Bc6 Rab8 24. Kd2 b5 25. e4 dxe4 26. fxe4 Rb6 27.
Nxe6 Rbxc6 28. Nxc5 Rxc5 29. Rbc1 Rc4 30. Rhe1 Ra4 31. Ra1 Rcc4 32. Kd3 Ke6 33.
Re2 Ke5 34. Rf1 Rxa3 35. Rf5+ Ke6 36. Rc2 Rc6 37. Kd4 Ra4+ 38. Kd3 Rac4 39.
Rff2 g6 40. h4 Ke5 0-1

[Event "?"]
[Site "?"]
[Date "????.??.??"]
[Round "?"]
[White "Mackowiak, M."]
[Black "Dukaczewski, P."]
[Result "0-1"]
[WhiteElo "2140"]
[BlackElo "2261"]
[PlyCount "132"]
[EventDate "2015.??.??"]

1. c4 e5 2. g3 Nc6 3. Bg2 g6 4. e3 Bg7 5. Ne2 d6 6. Nbc3 Be6 7. d3 Qd7 8. Bd2
Nge7 9. Qb3 O-O 10. Nd5 Rab8 11. Qa4 Nc8 12. O-O f5 13. Rac1 Qf7 14. b4 Nd8 15.
f4 c6 16. Ndc3 e4 17. dxe4 Nb6 18. Qxa7 Qc7 19. c5 dxc5 20. bxc5 Nc4 21. Be1
Nxe3 22. exf5 Bxf5 23. Rf3 Nxg2 24. Kxg2 Ne6 25. Qa4 Rfd8 26. Re3 Qf7 27. Qc4
Bd4 28. Nxd4 Nxf4+ 29. gxf4 Qxc4 30. Nxf5 gxf5 31. Ne2 Qxa2 32. Bc3 Kf7 33. Kf2
Re8 34. Be5 Rbd8 35. Ra1 Qd5 36. Rb1 Rd7 37. Rg1 Rg8 38. Rxg8 Kxg8 39. Bd6 b5
40. Ng3 Kf7 41. Re5 Qd2+ 42. Kf3 Qd3+ 43. Kg2 Rxd6 44. cxd6 Qxd6 45. Rxf5+ Ke8
46. Re5+ Kd8 47. Ne4 Qg6+ 48. Kf3 Kc7 49. h4 Kb6 50. h5 Qg1 51. Re7 Qd1+ 52.
Kg3 Qxh5 53. Re5 Qg6+ 54. Kf3 Qg7 55. Rg5 Qf7 56. Re5 b4 57. f5 b3 58. Nc5 Qc4
59. Ne4 b2 60. Re8 Qd3+ 61. Kf4 b1=Q 62. Rb8+ Kc7 63. Rxb1 Qxb1 64. f6 Kd7 65.
Ke5 Qxe4+ 66. Kxe4 Ke6 0-1